<?xml version="1.0" encoding="UTF-8"?>
<record
    xmlns:xsi="http://www.w3.org/2001/XMLSchema-instance"
    xsi:schemaLocation="http://www.loc.gov/MARC21/slim http://www.loc.gov/standards/marcxml/schema/MARC21slim.xsd"
    xmlns="http://www.loc.gov/MARC21/slim">

  <leader>00741nam a22002177a 4500</leader>
  <controlfield tag="003">UA-OsUOA</controlfield>
  <controlfield tag="001"> 120704 </controlfield>
  <controlfield tag="007">ta</controlfield>
  <controlfield tag="008">20170209b un ||||| |||| 00| 0 ukr d</controlfield>
  <datafield tag="100" ind1=" " ind2=" ">
    <subfield code="a">&#x413;&#x43E;&#x43B;&#x438;&#x43A; &#x41E;.</subfield>
  </datafield>
  <datafield tag="090" ind1=" " ind2=" ">
    <subfield code="a">82</subfield>
    <subfield code="b">&#x413;60</subfield>
  </datafield>
  <datafield tag="942" ind1=" " ind2=" ">
    <subfield code="c">SA</subfield>
  </datafield>
  <datafield tag="040" ind1=" " ind2=" ">
    <subfield code="a">UA-OsUOA</subfield>
    <subfield code="b">ukr</subfield>
    <subfield code="c">UA-OsUOA</subfield>
    <subfield code="d">UA-OsUOA</subfield>
  </datafield>
  <datafield tag="245" ind1=" " ind2=" ">
    <subfield code="a">&#x413;&#x43B;&#x438;&#x431;&#x43E;&#x43A;&#x430; &#x43F;&#x440;&#x456;&#x440;&#x432;&#x430; &#x434;&#x443;&#x448;&#x456;. &#x420;&#x43E;&#x43C;&#x430;&#x43D; &#x412;. &#x41F;&#x456;&#x434;&#x43C;&#x43E;&#x433;&#x438;&#x43B;&#x44C;&#x43D;&#x43E;&#x433;&#x43E; "&#x41C;&#x456;&#x441;&#x442;&#x43E;". &#x417;&#x43E;&#x431;&#x440;&#x430;&#x436;&#x435;&#x43D;&#x43D;&#x44F; "&#x426;&#x456;&#x43B;&#x456;&#x441;&#x43D;&#x43E;&#x457;" &#x43B;&#x44E;&#x434;&#x438;&#x43D;&#x438; &#x432; &#x454;&#x434;&#x43D;&#x43E;&#x441;&#x442;&#x456; &#x431;&#x456;&#x43E;&#x43B;&#x43E;&#x433;&#x456;&#x447;&#x43D;&#x43E;&#x433;&#x43E;, &#x434;&#x443;&#x445;&#x43E;&#x432;&#x43D;&#x43E;&#x433;&#x43E;, &#x441;&#x43E;&#x446;&#x456;&#x430;&#x43B;&#x44C;&#x43D;&#x43E;&#x433;&#x43E;</subfield>
  </datafield>
  <datafield tag="300" ind1=" " ind2=" ">
    <subfield code="a">&#x421;.45-50</subfield>
  </datafield>
  <datafield tag="955" ind1=" " ind2=" ">
    <subfield code="a">0</subfield>
  </datafield>
  <datafield tag="041" ind1=" " ind2=" ">
    <subfield code="a">ukr</subfield>
  </datafield>
  <datafield tag="080" ind1=" " ind2=" ">
    <subfield code="a">82</subfield>
  </datafield>
  <datafield tag="773" ind1="0" ind2=" ">
    <subfield code="w">120699</subfield>
  </datafield>
  <datafield tag="650" ind1=" " ind2="7">
    <subfield code="a">82 &#x41B;&#x456;&#x442;&#x435;&#x440;&#x430;&#x442;&#x443;&#x440;&#x430;. &#x41B;&#x456;&#x442;&#x435;&#x440;&#x430;&#x442;&#x443;&#x440;&#x43E;&#x437;&#x43D;&#x430;&#x432;&#x441;&#x442;&#x432;&#x43E;</subfield>
    <subfield code="2">UDC</subfield>
  </datafield>
  <datafield tag="999" ind1=" " ind2=" ">
    <subfield code="c">406714</subfield>
    <subfield code="d">406714</subfield>
  </datafield>
</record>
